2009: NFL Teams with the Most Points - Statistics

General Stats
  • This quiz has been taken 14 times
  • The average score is 8 of 10
Answer Stats
Number of points NFL Team % Correct
391 Baltimore Ravens
91%
461 Green Bay Packers
91%
427 New England Patriots
91%
429 Philadelphia Eagles
82%
388 Houston Texans
73%
416 Indianapolis Colts
73%
510 New Orleans Saints
73%
402 New York Giants
73%
470 Minnesota Vikings
64%
454 San Diego Chargers
64%
No matching quizzes found
Score Distribution
Percent of People with Each Score
Percentile by Number Answered
Your Score History
You have not taken this quiz